Statistiques concernant États américains avec le plus meurtres en série

Cliquez ici pour prendre le quiz!

Statistiques générales

  • Ce quiz a été pris 131 fois
  • Le résultat moyen est 6 sur 10

Statistiques - réponses

Par 1 millionToutpire décennie#État% Correct
7.81150719804#Californie
95%
6.1179319908#Texas
90%
9.9277819803#Floride
87%
7.4427719805#Washington
77%
12.199819802#Nevada
61%
7.3527620007#Louisiane
60%
7.3616219806#Oregon
53%
6.017819809#Utah
50%
15.655119801#Alaska
43%
5.86174198010#Oklahoma
33%

Distribution des résultats

Percentile par nombre de réponses

% des personnes avec chaque résultat

Votre développement - résultats

Vous n’avez pas pris ce quiz